[Event "TUR-chT2"]
[Site "Konya"]
[Date "2017.07.14"]
[Round "8.6"]
[White "Yapici, Mustafa"]
[Black "Turuskan, Sezer"]
[Result "0-1"]
[WhiteElo "1762"]
[BlackElo "1626"]
[PlyCount "134"]
[EventDate "2017.07.09"]
[EventType "team-swiss"]
[EventRounds "9"]
[EventCountry "TUR"]
[SourceTitle "CBM 179 Extra"]
[Source "ChessBase"]
[SourceDate "2017.08.23"]
[SourceVersion "1"]
[SourceVersionDate "2017.08.23"]
[SourceQuality "1"]
[WhiteTeam "Dobruca"]
[BlackTeam "Hamle Adana"]
[WhiteTeamCountry "TUR"]
[BlackTeamCountry "TUR"]

1. d4 c6 2. c4 d5 3. Nc3 e6 4. e3 Nf6 5. Nf3 Nbd7 6. Bd3 Be7 7. 0-0 0-0 8. Qc2 b6 9. cxd5 cxd5 10. Qe2 Bb7 11. Bd2 a6 12. Rfc1 Bd6 13. a3 Re8 14. Na2 e5 15. dxe5 Nxe5 16. Nd4 Nxd3 17. Qxd3 Ng4 18. h3 Bh2+ 19. Kf1 Ne5 20. Qe2 Qf6 21. b3 a5 22. Nc3 Bg3 23. Kg1 Bh4 24. Ncb5 Ba6 25. a4 Ng6 26. Qf3 Qxf3 27. Nxf3 Bxb5 28. axb5 Rec8 29. Rc6 Rxc6 30. bxc6 Rc8 31. Rc1 Be7 32. Nd4 Bc5 33. Kf1 Ne7 34. Bc3 Nxc6 35. Nxc6 Rxc6 36. Bd4 f6 37. Ke2 Kf7 38. Kd3 Ke6 39. Bc3 Kd6 40. Ra1 Rc8 41. Ra4 Kc6 42. Rh4 h6 43. Rh5 Re8 44. Rh4 Re7 45. Ra4 Re8 46. Rf4 Ra8 47. Ra4 Kb5 48. Ra1 a4 49. bxa4+ Rxa4 50. Rb1+ Kc6 51. Rb2 b5 52. Rc2 Kd6 53. Rb2 b4 54. Bd2 Kc6 55. Kc2 Kb5 56. Kb1 d4 57. Rb3 Ra3 58. Rxa3 bxa3 59. exd4 Bxd4 60. f3 Kc4 61. Ka2 Bc5 62. g4 Kd3 63. Bc1 Ke2 64. f4 Kf3 65. g5 h5 66. gxf6 gxf6 67. f5 Ke4 0-1